Memories 34th PMA Long Course, (Record no. 195249)
[ view plain ]
| 000 -LEADER | |
|---|---|
| fixed length control field | 00636 a2200157 4500 |
| 003 - CONTROL NUMBER IDENTIFIER | |
| control field | Nust |
| 005 - DATE AND TIME OF LATEST TRANSACTION | |
| control field | 20221229113022.0 |
| 040 ## - CATALOGING SOURCE | |
| Transcribing agency | Nust |
| 082 ## - DEWEY DECIMAL CLASSIFICATION NUMBER | |
| Classification number | 355.02,MEM |
| 245 ## - TITLE STATEMENT | |
| Title | Memories 34th PMA Long Course, |
| Remainder of title | 1964-2012 / |
| Statement of responsibility, etc. | Brig Parwez Mahmood Khan (Retd) |
| 260 ## - PUBLICATION, DISTRIBUTION, ETC. | |
| Place of publication, distribution, etc. | Pakistan Miltary Academy |
| Name of publisher, distributor, etc. | Kakul |
| Date of publication, distribution, etc. | 2012 |
| 300 ## - PHYSICAL DESCRIPTION | |
| Extent | 264 p |
| 505 ## - FORMATTED CONTENTS NOTE | |
| Formatted contents note | Part I: The Selection (Page-007), Part II: Kakul Days (Page-011), Part III: Passing out parade (Page-085), Part IV: Life after PMA (Page-101), Part V: Profiles (Page-160), Part VI: Contact Information (Page-253). |
| 650 ## - SUBJECT ADDED ENTRY--TOPICAL TERM | |
| Topical term or geographic name entry element | A Journey of 48 Years |
| 9 (RLIN) | 106319 |
| 942 ## - ADDED ENTRY ELEMENTS (KOHA) | |
| Source of classification or shelving scheme | |
| Koha item type | Book |
| Call number prefix | 355.02,MEM |
| Withdrawn status | Lost status | Source of classification or shelving scheme | Damaged status | Not for loan | Permanent Location | Current Location | Shelving location | Date acquired | Full call number | Barcode | Date last seen | Price effective from | Koha item type | Public note |
|---|---|---|---|---|---|---|---|---|---|---|---|---|---|---|
| Military College of Signals (MCS) | Military College of Signals (MCS) | General Stacks | 12/12/2016 | 355.02,MEM | MCS36752 | 12/08/2016 | 12/12/2016 | Book | Almirah No.52, Shelf No.2 |
